The noble scholar, jurist, historian


 His Excellency Dr. Abdul Wahhab bin Ibrahim Abu Sulaiman, may Allah have mercy on him.


 He was born in Umm Al-Qura in the year 1356 AH.

شرح على منظومة في الخصال المكفرة للذنوب المتقدمة والمتأخرة، يسمى، ضياء الشمس الضاحية على الحسنات الماحية للذنوب المتقدمة والآتية / (Record no. 14515)

MARC details
000 -LEADER
fixed length control field 01577cam a22002771i 4500
003 - CONTROL NUMBER IDENTIFIER
control field SA-RiAUC
005 - DATE AND TIME OF LATEST TRANSACTION
control field 20260307121538.0
008 - FIXED-LENGTH DATA ELEMENTS--GENERAL INFORMATION
fixed length control field 260224s1905 xx g 000 0 ara c
040 ## - CATALOGING SOURCE
Original cataloging agency EG-CaDAJ
Language of cataloging ara
Transcribing agency SA-RiAUC
Description conventions rda
082 04 - DEWEY DECIMAL CLASSIFICATION NUMBER
Classification number 213
Assigning agency SA-RiAUC
090 ## - LOCALLY ASSIGNED LC-TYPE CALL NUMBER (OCLC); LOCAL CALL NUMBER (RLIN)
Classification number (OCLC) (R) ; Classification number, CALL (RLIN) (NR) م ن 213
Local cutter number (OCLC) ; Book number/undivided call number, CALL (RLIN) ع ب د ح
100 1# - MAIN ENTRY--PERSONAL NAME
Personal name عبد الحميد قدس، عبد الحميد بن محمد علي قدس بن عبد القادر،
Dates associated with a name 1280-1335 هجري
Relator term مؤلف.
245 10 - TITLE STATEMENT
Title شرح على منظومة في الخصال المكفرة للذنوب المتقدمة والمتأخرة، يسمى، ضياء الشمس الضاحية على الحسنات الماحية للذنوب المتقدمة والآتية /
Statement of responsibility, etc. عبد الحميد بن محمد علي بن الخطيب.
246 33 - VARYING FORM OF TITLE
Title proper/short title ضياء الشمس الضاحية على الحسنات الماحية للذنوب المتقدمة والآتية
264 #1 - PRODUCTION, PUBLICATION, DISTRIBUTION, MANUFACTURE, AND COPYRIGHT NOTICE
Place of production, publication, distribution, manufacture [مكان النشر غير محدد] :
Name of producer, publisher, distributor, manufacturer [الناشر غير محدد]،
Date of production, publication, distribution, manufacture, or copyright notice [1905]
264 #3 - PRODUCTION, PUBLICATION, DISTRIBUTION, MANUFACTURE, AND COPYRIGHT NOTICE
Place of production, publication, distribution, manufacture [مكان الطبع غير محدد] :
Name of producer, publisher, distributor, manufacturer المطبعة الحميدية
300 ## - PHYSICAL DESCRIPTION
Extent 96 صفحة ؛
Dimensions 29 سم
336 ## - CONTENT TYPE
Content type term نص
Content type code txt
Source rdacontent
Materials specified كتاب
337 ## - MEDIA TYPE
Media type term بدون وسيط
Media type code n
Source rdamedia
338 ## - CARRIER TYPE
Carrier type term مجلد
Carrier type code nc
Source rdacarrier
650 #7 - SUBJECT ADDED ENTRY--TOPICAL TERM
Topical term or geographic name entry element الوعظ والإرشاد
Source of heading or term aucsh
700 12 - ADDED ENTRY--PERSONAL NAME
Personal name ابن حجر العسقلاني، أحمد بن علي بن محمد،
Dates associated with a name 773-852 هجري
740 22 - ADDED ENTRY--UNCONTROLLED RELATED/ANALYTICAL TITLE
Uncontrolled related/analytical title الخصال المكفرة للذنوب المتقدمة والمتأخرة.
942 ## - ADDED ENTRY ELEMENTS (KOHA)
Source of classification or shelving scheme Dewey Decimal Classification
Koha item type كتاب مصور نادر
Suppress in OPAC No
949 ## - LOCAL PROCESSING INFORMATION (OCLC)
a SA-JeALM
d 260224
u mohamedma123
n 1
Holdings
Withdrawn status Lost status Source of classification or shelving scheme Damaged status Not for loan Home library Current library Date acquired Total checkouts Full call number Barcode Date last seen Price effective from Koha item type
    Dewey Decimal Classification     DR AbdElwahab Library DR AbdElwahab Library 03/07/2026   م ن 213 ع ب د ح 000022977 03/07/2026 03/07/2026 كتاب مصور نادر
    Dewey Decimal Classification     DR AbdElwahab Library DR AbdElwahab Library 04/13/2026   م ن 213 ع ب د ح 000023342 04/13/2026 04/13/2026 كتاب مصور نادر
    Dewey Decimal Classification     DR AbdElwahab Library DR AbdElwahab Library 04/15/2026   م ن 213 ع ب د ح 000023396 04/15/2026 04/15/2026 كتاب مصور نادر